000 00518nam a2200157Ia 4500
005 20250423095641.0
008 250422s9999 xx 000 0 und d
020 _a9781933512044
050 _aLB 2343.32 .H68/
100 _a Bernstein, Mark
245 0 _aHow to survive your freshman year : by hundreds of college sophomores, juniors, and seniors who did and some things to avoid, from a few dropouts who didn’t
260 _aAtlanta
260 _bHundreds of Heads Books, LLC
300 _a240 p
942 _cBK
999 _c30915
_d30915